WYMIEŃ MIEJSCA, W KTÓRYCH ŁATWO ZŁAPAĆ PRZEZIĘBIENIE: - Statystyki

Ogólne statystyki
  • Ten quiz został rozwiązany 23 razy
  • Średni wynik to 4 z 5
Statystyki odpowiedzi
Odpowiedź % Poprawnych
SZKOŁA
100%
PRACA
94%
SKLEP
67%
SZPITAL
67%
AUTOBUS
50%
Nie znaleziono quizów pasujących do podanych kryteriów
Rozkład punktacji
Procent ludzi z każdym wynikiem
Percentyl według liczby udzielonych odpowiedzi
Twoja historia wyników
Nie rozwiązałeś tego quizu